Pays les mieux classés aux Jeux Olympiques d'été par édition - Statistiques

Statistiques générales
  • Ce quiz a été pris 94 fois
  • Le résultat moyen est 23 sur 29
Statistiques - réponses
Année Or Argent Bronze Total Pays % Correct
1896 11 7 2 20 États-Unis
95%
1900 26 41 34 101 France
87%
1948 38 27 19 84 États-Unis
84%
1996 44 32 25 101 États-Unis
84%
2000 37 24 32 93 États-Unis
84%
2004 36 39 26 101 États-Unis
84%
2012 46 28 30 104 États-Unis
84%
2020 39 41 33 113 États-Unis
84%
1912 25 19 19 63 États-Unis
83%
1920 41 27 27 95 États-Unis
83%
1924 45 27 27 99 États-Unis
83%
1984 83 61 30 174 États-Unis
83%
2016 46 37 38 121 États-Unis
83%
1928 22 18 16 56 États-Unis
82%
1932 41 32 30 103 États-Unis
82%
1952 40 19 17 76 États-Unis
82%
1964 36 26 28 90 États-Unis
82%
2008 48 22 30 100 Chine
80%
1904 76 78 77 231 États-Unis
80%
1968 45 28 34 107 États-Unis
80%
1936 33 26 30 89 Allemagne
79%
1908 56 51 39 146 Grande-Bretagne
77%
1956 37 29 32 98 Union Soviétique
76%
1960 43 29 31 103 Union Soviétique
74%
1972 50 27 22 99 Union Soviétique
74%
1976 49 41 35 125 Union Soviétique
74%
1980 80 69 46 195 Union Soviétique
74%
1988 55 31 46 132 Union Soviétique
74%
1992 45 38 29 112 Équipe unifiée de l’ex-URSS
62%
Aucun quiz correspondant
Distribution des résultats
% des personnes avec chaque résultat
Percentile par nombre de réponses
Votre historique - résultats
Vous n’avez pas pris ce quiz